<?xml version="1.0" encoding="UTF-8"?>
<record
    xmlns:xsi="http://www.w3.org/2001/XMLSchema-instance"
    xsi:schemaLocation="http://www.loc.gov/MARC21/slim http://www.loc.gov/standards/marcxml/schema/MARC21slim.xsd"
    xmlns="http://www.loc.gov/MARC21/slim">

  <leader>01426nam a22002537a 4500</leader>
  <controlfield tag="008">160706b        xxu||||| |||| 00| 0 eng d</controlfield>
  <datafield tag="040" ind1=" " ind2=" ">
    <subfield code="c">40-&#x4E9;&#x4E9;&#x441; &#x434;&#x44D;&#x44D;&#x448; &#x43D;&#x430;&#x441;&#x43D;&#x44B; &#x44D;&#x440;&#x44D;&#x433;&#x442;&#x44D;&#x439;&#x447;&#x4AF;&#x4AF;&#x434;&#x438;&#x439;&#x43D; &#x43D;&#x430;&#x441;&#x436;&#x438;&#x43B;&#x442;&#x44B;&#x43D; &#x4AF;&#x435;&#x438;&#x439;&#x43D; &#x447;&#x4E9;&#x43B;&#x4E9;&#x4E9;&#x442; &#x431;&#x43E;&#x43B;&#x43E;&#x43D; &#x431;&#x438;&#x43E;&#x43B;&#x43E;&#x433;&#x438;&#x439;&#x43D; &#x438;&#x434;&#x44D;&#x432;&#x445;&#x438;&#x442;&#x44D;&#x439; &#x442;&#x435;&#x441;&#x442;&#x43E;&#x441;&#x442;&#x435;&#x440;&#x43E;&#x43D;&#x44B; &#x442;&#x4E9;&#x432;&#x448;&#x438;&#x43D;:</subfield>
  </datafield>
  <datafield tag="041" ind1=" " ind2=" ">
    <subfield code="a">mon</subfield>
    <subfield code="h">mon</subfield>
  </datafield>
  <datafield tag="082" ind1=" " ind2=" ">
    <subfield code="a">362.1</subfield>
  </datafield>
  <datafield tag="100" ind1=" " ind2=" ">
    <subfield code="a">&#x41E;&#x44E;&#x443;&#x43D;-&#x42D;&#x440;&#x434;&#x44D;&#x43D;&#x44D; &#x420;.</subfield>
    <subfield code="9">5656</subfield>
  </datafield>
  <datafield tag="110" ind1=" " ind2=" ">
    <subfield code="a">&#x410;&#x43D;&#x430;&#x433;&#x430;&#x430;&#x445;&#x44B;&#x43D; &#x448;&#x438;&#x43D;&#x436;&#x43B;&#x44D;&#x445; &#x443;&#x445;&#x430;&#x430;&#x43D;&#x44B; &#x4AF;&#x43D;&#x434;&#x44D;&#x441;&#x43D;&#x438;&#x439; &#x438;&#x445; &#x441;&#x443;&#x440;&#x433;&#x443;&#x443;&#x43B;&#x44C;</subfield>
  </datafield>
  <datafield tag="245" ind1=" " ind2=" ">
    <subfield code="a">40-&#x4E9;&#x4E9;&#x441; &#x434;&#x44D;&#x44D;&#x448; &#x43D;&#x430;&#x441;&#x43D;&#x44B; &#x44D;&#x440;&#x44D;&#x433;&#x442;&#x44D;&#x439;&#x447;&#x4AF;&#x4AF;&#x434;&#x438;&#x439;&#x43D; &#x43D;&#x430;&#x441;&#x436;&#x438;&#x43B;&#x442;&#x44B;&#x43D; &#x4AF;&#x435;&#x438;&#x439;&#x43D; &#x447;&#x4E9;&#x43B;&#x4E9;&#x4E9;&#x442; &#x431;&#x43E;&#x43B;&#x43E;&#x43D; &#x431;&#x438;&#x43E;&#x43B;&#x43E;&#x433;&#x438;&#x439;&#x43D; &#x438;&#x434;&#x44D;&#x432;&#x445;&#x438;&#x442;&#x44D;&#x439; &#x442;&#x435;&#x441;&#x442;&#x43E;&#x441;&#x442;&#x435;&#x440;&#x43E;&#x43D;&#x44B; &#x442;&#x4E9;&#x432;&#x448;&#x438;&#x43D;:</subfield>
    <subfield code="b">&#x415; 720215- &#x411;&#x438;&#x43E;&#x445;&#x438;&#x43C;&#x438;.- &#x410;&#x423;-&#x43D;&#x44B; &#x43C;&#x430;&#x433;&#x438;&#x441;&#x442;&#x440;&#x44B;&#x43D; &#x437;&#x44D;&#x440;&#x44D;&#x433; &#x433;&#x43E;&#x440;&#x438;&#x43B;&#x441;&#x43E;&#x43D; &#x43D;&#x44D;&#x433; &#x441;&#x44D;&#x434;&#x44D;&#x432;&#x442; &#x431;&#x4AF;&#x442;&#x44D;&#x44D;&#x43B;.</subfield>
    <subfield code="c">/&#x42D;&#x428;-&#x43D;&#x438;&#x439; &#x443;&#x434;&#x438;&#x440;&#x434;. &#x410;&#x423;-&#x43D;&#x44B; &#x434;-&#x440;. &#x416;.&#x41C;&#x4E9;&#x43D;&#x445;&#x446;&#x44D;&#x446;&#x44D;&#x433;: &#x42D;&#x428;-&#x43D;&#x438;&#x439; &#x448;&#x4AF;&#x4AF;&#x43C;&#x436;. &#x410;&#x423;-&#x43D;&#x44B; &#x434;-&#x440;, &#x434;/&#x43F;&#x440;&#x43E;&#x444;. &#x41C;.&#x41C;&#x4E9;&#x43D;&#x445;&#x437;&#x43E;&#x43B;.</subfield>
  </datafield>
  <datafield tag="260" ind1=" " ind2=" ">
    <subfield code="a">-&#x423;&#x411;.:</subfield>
    <subfield code="b">&#x42D;&#x440;&#x445;&#x44D;&#x441;,</subfield>
    <subfield code="c">2012.</subfield>
  </datafield>
  <datafield tag="300" ind1=" " ind2=" ">
    <subfield code="a">71&#x445;.</subfield>
  </datafield>
  <datafield tag="502" ind1=" " ind2=" ">
    <subfield code="c">&#x410;&#x43D;&#x430;&#x433;&#x430;&#x430;&#x445;&#x44B;&#x43D; &#x448;&#x438;&#x43D;&#x436;&#x43B;&#x44D;&#x445; &#x443;&#x445;&#x430;&#x430;&#x43D;&#x44B; &#x4AF;&#x43D;&#x434;&#x44D;&#x441;&#x43D;&#x438;&#x439; &#x438;&#x445; &#x441;&#x443;&#x440;&#x433;&#x443;&#x443;&#x43B;&#x44C;</subfield>
  </datafield>
  <datafield tag="650" ind1=" " ind2=" ">
    <subfield code="a">Aging</subfield>
    <subfield code="9">5657</subfield>
  </datafield>
  <datafield tag="650" ind1=" " ind2=" ">
    <subfield code="a">total</subfield>
    <subfield code="9">5658</subfield>
  </datafield>
  <datafield tag="650" ind1=" " ind2=" ">
    <subfield code="a">free</subfield>
    <subfield code="9">5659</subfield>
  </datafield>
  <datafield tag="650" ind1=" " ind2=" ">
    <subfield code="a">bioavailable testosterone</subfield>
    <subfield code="9">5660</subfield>
  </datafield>
  <datafield tag="650" ind1=" " ind2=" ">
    <subfield code="a">free testosterone index</subfield>
    <subfield code="9">5661</subfield>
  </datafield>
  <datafield tag="700" ind1=" " ind2=" ">
    <subfield code="a">&#x41C;&#x4E9;&#x43D;&#x445;&#x446;&#x44D;&#x446;&#x44D;&#x433; &#x416;.</subfield>
    <subfield code="9">4517</subfield>
  </datafield>
  <datafield tag="700" ind1=" " ind2=" ">
    <subfield code="a">&#x41C;&#x4E9;&#x43D;&#x445;&#x437;&#x43E;&#x43B; &#x41C;.</subfield>
    <subfield code="9">3974</subfield>
  </datafield>
  <datafield tag="942" ind1=" " ind2=" ">
    <subfield code="c">MS</subfield>
  </datafield>
  <datafield tag="952" ind1=" " ind2=" ">
    <subfield code="0">0</subfield>
    <subfield code="1">0</subfield>
    <subfield code="2">ddc</subfield>
    <subfield code="4">0</subfield>
    <subfield code="6">362_100000000000000</subfield>
    <subfield code="7">0</subfield>
    <subfield code="a">ERD</subfield>
    <subfield code="b">ERD</subfield>
    <subfield code="c">RL</subfield>
    <subfield code="d">2016-07-06</subfield>
    <subfield code="g">5000.00</subfield>
    <subfield code="i">592</subfield>
    <subfield code="l">0</subfield>
    <subfield code="o">362.1</subfield>
    <subfield code="p">ATNS-MT00218</subfield>
    <subfield code="r">2017-03-06</subfield>
    <subfield code="y">MS</subfield>
    <subfield code="z">2017.06.19 | 2018.08.17</subfield>
  </datafield>
  <datafield tag="952" ind1=" " ind2=" ">
    <subfield code="0">0</subfield>
    <subfield code="1">0</subfield>
    <subfield code="2">ddc</subfield>
    <subfield code="4">0</subfield>
    <subfield code="6">362_100000000000000</subfield>
    <subfield code="7">0</subfield>
    <subfield code="a">ERD</subfield>
    <subfield code="b">ERD</subfield>
    <subfield code="c">RL</subfield>
    <subfield code="d">2018-09-10</subfield>
    <subfield code="g">1000.00</subfield>
    <subfield code="i">277</subfield>
    <subfield code="l">0</subfield>
    <subfield code="o">362.1</subfield>
    <subfield code="p">ATNS-CD00277</subfield>
    <subfield code="r">2018-09-10</subfield>
    <subfield code="y">MS</subfield>
  </datafield>
  <datafield tag="999" ind1=" " ind2=" ">
    <subfield code="c">98344</subfield>
    <subfield code="d">98401</subfield>
  </datafield>
</record>
